00799nam a2200181 a 450000100100000000500170001000800410002702000150006802000150008304000250009811000600012324501220018324600710030526000820037630000360045895201060049499900170060000003820120250401130908.0130321s2001 000 spa d a9687462272 a9687462272 aDO-SdBNPbspacBNPHU2 aPrograma de las Naciones Unidas para el Desarrollo918710aResumen :binforme sobre desarrollo humano 2001 :bPoner el adelanto tecnológico al servicio del desarrollo humano.13aponer el adelanto tecnológico al servicio del desarrollo humano. aNew York :bPrograma de las Naciones Unidas para el Desarrollo (PNUD),c2001. a[30] p. :bil., mapas ;c29 cm. 0010507-18MOaGRbGRcOId2013-03-21iLF1l0o p38201-10r2020-06-25w2020-06-25y1ZNo se presta c37691d37691